000 00341nam a2200133Ia 4500
008 100328s9999 xx 000 0 und d
082 _b1328
100 _aMoore J.Howard.
245 _aSavage Survivals
260 _bWatts & Co. John Son Court Fleet Strret.
630 _aSavage Survivals
730 _aSavage Survivals
942 _cBOOK
999 _c497608
_d497605